Los grandes románticos cubanos: antología
Bewaard in:
| Hoofdauteurs: | , , , , , , |
|---|---|
| Formaat: | Boek |
| Taal: | Spaans |
| Gepubliceerd in: |
La Habana
EPCC
1960
|
| Reeks: | Biblioteca Básica de Cultura Cubana. Tercera Serie, 24
|
| Onderwerpen: | |
| Tags: |
Voeg label toe
Geen labels, Wees de eerste die dit record labelt!
|
MARC
| LEADER | 00000nam a2200000 a 4500 | ||
|---|---|---|---|
| 001 | UCT6588 | ||
| 003 | CL-VaPUC | ||
| 008 | 970113e19600000CU |||||||||||||||||spa|d | ||
| 082 | 0 | 4 | |a Cu861 |b VIT |2 21 |
| 100 | 0 | |a Vitier, Cintio |e author |9 376845 | |
| 700 | |a Heredia, José María |e author |9 474816 | ||
| 700 | 0 | |a Milanés, José Jacinto |e author |9 376847 | |
| 700 | 0 | |a Luaces, Joaquín Lorenzo |e author |9 376848 | |
| 700 | 0 | |a Fornaris, José |e author |9 376849 | |
| 700 | 0 | |a Pérez de Zambrana, Luisa |e author |9 376850 | |
| 700 | 0 | |a Montes de Oca, Julia |e author |9 376851 | |
| 245 | 1 | 4 | |a Los grandes románticos cubanos: antología |
| 300 | |a 396 p | ||
| 942 | |c BK | ||
| 945 | |d 19970113 00:00:00 |a rleighto | ||
| 260 | |a La Habana |b EPCC |c 1960 | ||
| 650 | 0 | |a Poesías cubanas |9 316897 | |
| 583 | |a last modification |c 19970113 00:00:00 |k Rodrigo Vera | ||
| 490 | 0 | |a Biblioteca Básica de Cultura Cubana. Tercera Serie, 24 | |
| 999 | |c 255276 |d 255274 | ||
| 952 | |0 0 |1 0 |4 0 |6 CU_861_000000000000000_VIT_1960 |7 0 |8 A |9 277458 |a BIBEDU |b BIBEDU |d 2019-11-19 |i 3266206 |o Cu861 VIT 1960 |p 3266206 |r 2019-11-19 |w 2019-11-19 |y BK |k LIT | ||
| 952 | |0 0 |1 0 |4 0 |6 CU_861_000000000000000_VIT_1960 |7 0 |8 A |9 277459 |a BIBEDU |b BIBEDU |d 2019-11-19 |i 3268543 |o Cu861 VIT 1960 |p 3268543 |r 2019-11-19 |w 2019-11-19 |y BK |k LIT | ||